000 00467nam a22001697a 4500
005 20260331073839.0
008 260331b |||||||| |||| 00| 0 eng d
020 _a9789387971004
040 _aKMU
_cKMU
_dKMU
_erda
050 _aQ164 .H868
100 _aSeth, Lata
245 _aSTEM Activity Book:
_bTechnology/
_cSeth, Lata
260 _aIndia;
_bDreamland Publications,
_c2024.
300 _a 64 pages:
_bIll.;
_c28 cm.
650 _aTechnology.
942 _2lcc
_cBK
_n0
999 _c2608
_d2608